000 00816 a2200193 4500
003 Nust
005 20221020170923.0
010 _a 74005194
020 _a0134824067
040 _cNust
082 0 0 _a620.0044,GRA
100 1 _aGraham, Archie Richard,
_9101037
245 1 3 _aAn introduction to engineering measurements
_c[by] A. Richard Graham.
260 _aEnglewood Cliffs, N.J.,
_bPrentice-Hall
_c[1974, c1975]
300 _axii, 193 p.
_billus.
_c25 cm.
505 _aFunctional Elements and Operating Characteristics (Page-3),The Static Performance of Instruments (Page-54), Mathematical Models (Page-89), Dynamic Performance (Page-99), Complex Instruments and General Inputs (Page-130), Selecting an Instrument (Page-175), Where NEXT (Page-182).
650 0 _aEngineering instruments.
942 _2ddc
_cBK
999 _c182740
_d182740